| 000 | 00375cam a2200145ua 4500 | ||
|---|---|---|---|
| 041 |
_aeng _h |
||
| 082 |
_a823.301 _bGUN/KE |
||
| 100 | _aGunston, David . | ||
| 245 |
_aKeenie the story of a kestrel hawk / _cDavid Gunston. _hTextual Documents |
||
| 260 |
_aLeeds : _bE J Arnold and son ltd , _c1960. |
||
| 300 | _a92 ; . | ||
| 504 | _a | ||
| 942 | _cBK | ||
| 999 |
_c4300 _d4300 |
||